Conciones in ecclesia S.J. SS. Trinitatis Tyrnaviae

Záznamy tém kázní v kostole jezuitov v Trnave

Bibliographic Details
Format: Manuscript Book
Language:Slovak
PhysicalDescription:294 strán rukopis, viazaný 24 cm
Published: [Trnava] 1927-1944
Subjects:

MARC

LEADER 00000ntmaa2200000 a 4500
001 vtls011739153
003 SK-MaSNL
005 20260301044506.0
008 230802i1927 xo || 000n0dslo
035 |a urn:nbn:sk:snk-tm00elp0 
035 |a urn:nbn:sk:snk-tm3n3pb 
035 |a 20E11158-2BD1-4E63-B6B3-86B0D287EB52 
040 |a SNKLA  |b slo  |c SNKLA  |e AACR2 
041 0 |a slo 
044 |a xo  |c SK 
072 7 |a 27-78  |x Kresťanské združenia, spolky a organizácie. Rehoľné rády  |2 konspekt 
080 |a 025.171  |2 2011 
080 |a 27-4  |2 2011 
080 |a (093.3)  |2 2011 
245 0 0 |a Conciones in ecclesia S.J. SS. Trinitatis Tyrnaviae 
260 |a [Trnava]  |c 1927-1944 
300 |a 294 strán  |b rukopis, viazaný  |c 24 cm 
520 2 |a Záznamy tém kázní v kostole jezuitov v Trnave 
555 0 |a Inventár rukopisov Archívu literatúry a umenia Matice slovenskej. Rukopisy historických knižníc na Slovensku II. Martin : Matica slovenská 1995 
610 2 7 |a Jezuiti (Bratislava, Slovensko)  |2 SNKLA  |9 170782 
610 2 7 |a Kostol Najsvätejšej Trojice (Trnava, Slovensko)  |2 SNKKA  |9 350990 
650 0 7 |a kázne  |2 SNKPH  |9 1954 
655 7 |a denníky  |2 SNKPH  |9 70534 
655 7 |a rukopisy  |2 SNKPH  |9 70548 
852 |a Slovenská národná knižnica  |b Literárny archív 
958 |a ZH 
958 |a BLA 
999 |c 596126  |d 598056 
952 |a SNKLA  |b SNKLA  |c SNKLA_DEP  |y NEVYP  |7 0  |p 17A1227864  |o snkRHKS 1454  |0 0  |1 0  |4 0  |d 2018-01-29  |f 1  |l 0  |r 2026-02-23 15:39:03  |w 2026-02-23